000 00664nam a22002417a 4500
003 UA-OsUOA
001 31896
007 ta
008 20050114b un ||||| |||| 00| 0 ukr d
090 _a82(091)(477)
_bА43
942 _cBK
040 _aUA-OsUOA
_bukr
_cUA-OsUOA
_dUA-OsUOA
245 _aАктуальні проблеми сучасної філології. Літературознавство
_bЗбірник наукових праць
300 _a230 с.
955 _a0
041 _aukr
080 _a82(091)(477)
020 _a966-7643-37-9
260 _aРівне
_bРДГУ
_c2004
044 _aUA
650 7 _2UDC
999 _c318331
_d318331